000 00691nam a22001337a 4500
040 _cRUA
082 _aATM HUT 2012 B199 Or.1
100 _aHUT PHALLY; ហ៊ុត ផល្លី.
245 _a7 Disc tractors used by farmers in thmor korl district, battambang province, ការប្រើប្រាស់ត្រាក់ទ័រនង្គ័លថាស ៧ របស់ប្រជាកសិករ ក្នុងស្រុកថ្មគោល ខេត្តបាត់ដំបង.
260 _aPhnom Penh
_bRUA
_c2012
300 _ax; 42p.
_bill.
_c29cm.
856 _uhttps://drive.google.com/file/d/1vo_qvf0FFOPQLR1yC3M-Di_Gr_nx314z/view?usp=sharing
942 _cATM
999 _c4299
_d4299